00752nam a2200205 450000500170000001000150001702000270003203500140005903700130007308200160008610000230010224501280012525000100025326000350026327000540029830000210035294200220037399900190039595201320041420231130110024.0 aENG-138525 a9788195055944c1200.00 aEN-122057 bDBAD/PUB a9502First  aBreman, Jan959214 aGujrat, Cradle and Harbinger of Identity Politics:bIndia's Injuries Frame of Commualism/cBy Jan Breman and Ghanshyam Shah aFirst aNew DelhibTulika Books c2022 a44 (First Floor), Shahpur Jat bNew Delhie110049 a371p.c23cm(hbk) 2ddccENh950mBRE c199323d199323 001040708NFICaVPbVPd2023-11-30eDBAD/PUBg1200.00l0o950 BREpEN-122057r2023-11-30 00:00:00t1v1200.00w2023-11-30yEN